000 00827nam a2200229 a 4500
005 20220606085233.0
008 991125s18561987mx 000 0 spa u
020 _a9688054267
035 _aUPN01000028052
049 _aCG
050 4 _aF1232.5
_bP6.3
100 1 _aPortilla, Anselmo de la,
_d1816-1879
245 1 0 _aHistoria de la Revolución de México contra la dictadura del general Santa Anna, 1853-1855 /
_cAnselmo de la Portilla.
260 _aMéxico :
_bINEHRM,
_c1856 (1987 impr.).
300 _a335, cxxiv p.
440 0 _aBiblioteca de obras fundamentales de la República Liberal
500 _a["Edición facsimilar"]
651 2 _aMéxico
_xHistoria
_y1821-1861
_94624
651 4 _aMEXICO -
_xHISTORIA -
_yDICTADURA, 1853-1855
600 1 2 _aSanta-Anna, Antonio López de,
_d1794-1876
_94435
905 _aLibro
999 _c28052
_d28052